[Event "FIDE Grand Swiss Women"]
[Site "Riga LAT"]
[Date "2021.11.03"]
[Round "7.7"]
[White "Dzagnidze, Nana"]
[Black "Maltsevskaya, Aleksandra"]
[Result "1-0"]
[WhiteTitle "GM"]
[BlackTitle "WGM"]
[WhiteElo "2524"]
[BlackElo "2411"]
[WhiteFideId "13601903"]
[BlackFideId "24174041"]
[EventDate "2021.10.27"]

1. d4 d5 2. c4 e6 3. Nc3 Nf6 4. Nf3 a6 5. c5 Nc6 6. Bf4 Ne4 7. Rc1 g5 8. Be3
Nxc3 9. bxc3 h6 10. g3 Bg7 11. Bg2 O-O 12. h4 g4 13. Nd2 e5 14. Nb3 a5 15. a4 e4
16. O-O Ne7 17. c4 Re8 18. Qd2 dxc4 19. Nxa5 c3 20. Qxc3 Nf5 21. Qb4 Qd5 22. Nc4
Nxd4 23. Rfd1 Nc6 24. Qb5 Qe6 25. a5 f5 26. Bf1 Qf7 27. Bf4 Nd4 28. Rxd4 Bxd4
29. e3 Bd7 30. Qxb7 Bxc5 31. Ne5 Rxe5 32. Bxe5 Rxa5 33. Qxc7 Ba3 34. Bc4 Be6 35.
Bxe6 Qxe6 36. Qg7# 1-0

[Event "FIDE Grand Swiss Women"]
[Site "Riga LAT"]
[Date "2021.11.03"]
[Round "7.8"]
[White "Abdumalik, Zhansaya"]
[Black "Assaubayeva, Bibisara"]
[Result "0-1"]
[WhiteTitle "GM"]
[BlackTitle "IM"]
[WhiteElo "2507"]
[BlackElo "2400"]
[WhiteFideId "13703544"]
[BlackFideId "13708694"]
[EventDate "2021.10.27"]

1. e4 c5 2. Nf3 d6 3. Bb5+ Bd7 4. Bxd7+ Qxd7 5. c4 Nf6 6. Nc3 g6 7. d4 cxd4 8.
Nxd4 Bg7 9. f3 O-O 10. O-O Rc8 11. b3 d5 12. exd5 Nxd5 13. Nxd5 e6 14. Bh6 exd5
15. Bxg7 Kxg7 16. c5 Na6 17. b4 Nxb4 18. f4 Qe7 19. Kh1 Qxc5 20. f5 Nc6 21. Nf3
f6 22. Qb3 Rc7 23. Rac1 Qd6 24. Qb2 Re8 25. Rcd1 Rd7 26. Rf2 d4 27. Rfd2 Qf4 28.
fxg6 hxg6 29. Rd3 Re3 30. Rxe3 Qxe3 31. Qb5 d3 32. Qb3 Qe2 33. h3 Qc2 34. Kg1
Qxb3 35. axb3 Nb4 36. Ra1 b6 37. Kf2 a5 38. Rc1 Re7 39. g4 Re2+ 40. Kg3 Nc2 41.
Rd1 Re3 42. Kf2 b5 43. h4 a4 44. bxa4 bxa4 45. Rb1 a3 46. Rb7+ Kf8 47. Ra7 Re2+
48. Kg3 d2 49. Nxd2 Rxd2 50. h5 g5 51. h6 Kg8 52. Kf3 Rd4 53. Rg7+ Kh8 54. Ra7
Rf4+ 55. Kg3 Ne3 0-1

[Event "FIDE Grand Swiss Women"]
[Site "Riga LAT"]
[Date "2021.11.03"]
[Round "7.10"]
[White "Rogule, Laura"]
[Black "Stefanova, Antoaneta"]
[Result "0-1"]
[WhiteTitle "WGM"]
[BlackTitle "GM"]
[WhiteElo "2289"]
[BlackElo "2475"]
[WhiteFideId "11601876"]
[BlackFideId "2902257"]
[EventDate "2021.10.27"]

1. e4 g6 2. d4 Bg7 3. Nf3 d6 4. Bc4 Nf6 5. Qe2 d5 6. exd5 Nxd5 7. O-O Nc6 8. Bb5
O-O 9. Bxc6 bxc6 10. c3 a5 11. Re1 Re8 12. Ne5 f6 13. Nd3 e5 14. dxe5 Bf5 15.
Rd1 Qc8 16. Nd2 Qa6 17. c4 Nb4 18. Nxb4 axb4 19. Nf3 b3 20. a3 Be6 21. Rd4 fxe5
22. Rh4 e4 23. Ng5 Qxc4 24. Qe1 h5 25. Rxe4 Bf7 26. f3 Rxe4 27. Nxe4 Qc2 28. Bg5
Qxb2 29. Rd1 Qe5 30. Qb4 Bd5 31. Be3 Qb2 32. Qb7 Re8 33. Rxd5 cxd5 34. Qxd5+ Kh8
35. Ng5 Rf8 36. Nf7+ Rxf7 37. Qxf7 Qc3 38. Kf2 Kh7 39. Qe7 b2 40. Qe4 Qb3 41.
Qb1 Qxa3 0-1

[Event "FIDE Grand Swiss Women"]
[Site "Riga LAT"]
[Date "2021.11.03"]
[Round "7.12"]
[White "Melia, Salome"]
[Black "Saduakassova, Dinara"]
[Result "1/2-1/2"]
[WhiteTitle "IM"]
[BlackTitle "IM"]
[WhiteElo "2371"]
[BlackElo "2491"]
[WhiteFideId "13602446"]
[BlackFideId "13700090"]
[EventDate "2021.10.27"]

1. e4 e5 2. Nf3 Nc6 3. Bc4 Bc5 4. c3 Nf6 5. d4 exd4 6. e5 d5 7. Bb5 Ne4 8. cxd4
Bb6 9. Nc3 O-O 10. Be3 Bg4 11. h3 Bh5 12. O-O Nxd4 13. Bxd4 Bxf3 14. gxf3 Qg5+
15. Kh1 Qf5 16. fxe4 Qxh3+ 17. Kg1 Bxd4 18. Qxd4 Qg4+ 19. Kh2 Qh4+ 20. Kg2 Qg4+
21. Kh2 Qh4+ 22. Kg2 Qg4+ 23. Kh2 Qh4+ 1/2-1/2

[Event "FIDE Grand Swiss Women"]
[Site "Riga LAT"]
[Date "2021.11.03"]
[Round "7.13"]
[White "Gunina, Valentina"]
[Black "Cori T., Deysi"]
[Result "0-1"]
[WhiteTitle "GM"]
[BlackTitle "WGM"]
[WhiteElo "2462"]
[BlackElo "2382"]
[WhiteFideId "4167570"]
[BlackFideId "3801934"]
[EventDate "2021.10.27"]

1. d4 Nf6 2. c4 g6 3. Nc3 Bg7 4. e4 d6 5. Be2 O-O 6. Be3 e5 7. d5 Na6 8. h4 Nc5
9. Bf3 Bd7 10. b4 Na6 11. a3 h5 12. Rc1 Bg4 13. c5 dxc5 14. bxc5 Qe7 15. Nce2 b6
16. c6 Qxa3 17. Bxg4 hxg4 18. Ra1 Qb4+ 19. Bd2 Qxe4 20. f3 Qc4 21. Ra4 Qd3 22.
Nc1 Qxd5 23. Rxa6 Rfd8 24. Ra3 e4 25. Qc2 exf3 26. gxf3 Nh5 27. Rd3 Qe5+ 28. Kd1
Ng3 29. Rh2 Nf1 30. Rg2 Nxd2 31. Rgxd2 Rxd3 32. Rxd3 Qg3 33. Nce2 Qxh4 34. Qc4
Qf6 35. fxg4 Re8 36. Rd7 Bh6 37. Nc3 Re6 38. Rxc7 Qg5 39. Kc2 b5 40. Rc8+ Kh7
41. Qf1 Rf6 42. Qxb5 Qxg4 43. Re8 Qxg1 44. Qb8 Qf2+ 45. Kb3 Bg7 46. Re2 Qf3 47.
Rh2+ Bh6 48. c7 Rc6 49. Rc2 Qd3 50. Kb2 Qc4 51. Qxa7 Rxc7 52. Qb8 Rc8 53. Qb7
Bg7 54. Kb1 Bxc3 55. Rf2 Qb4+ 0-1

[Event "FIDE Grand Swiss Women"]
[Site "Riga LAT"]
[Date "2021.11.03"]
[Round "7.14"]
[White "Sukandar, Irine Kharisma"]
[Black "Cramling, Pia"]
[Result "0-1"]
[WhiteTitle "IM"]
[BlackTitle "GM"]
[WhiteElo "2406"]
[BlackElo "2447"]
[WhiteFideId "7101937"]
[BlackFideId "1700030"]
[EventDate "2021.10.27"]

1. e4 c5 2. Nf3 Nc6 3. Bb5 g6 4. O-O Bg7 5. c3 Nf6 6. Re1 O-O 7. d4 d5 8. exd5
Qxd5 9. c4 Qd6 10. d5 Nd4 11. Nxd4 cxd4 12. Nd2 a6 13. Ba4 b5 14. cxb5 Nxd5 15.
Ne4 Qb6 16. bxa6 Bxa6 17. Bb3 Rad8 18. Bg5 h6 19. Bxd5 Rxd5 20. Bxe7 Re8 21. Bh4
Rde5 22. f3 d3+ 23. Bf2 Qxb2 24. Qb3 Rxe4 25. fxe4 d2 26. Red1 Qxb3 27. axb3
Bxa1 28. Rxd2 Bg7 0-1

[Event "FIDE Grand Swiss Women"]
[Site "Riga LAT"]
[Date "2021.11.03"]
[Round "7.15"]
[White "Socko, Monika"]
[Black "Vaishali, R"]
[Result "1/2-1/2"]
[WhiteTitle "GM"]
[BlackTitle "WGM"]
[WhiteElo "2397"]
[BlackElo "2419"]
[WhiteFideId "1106619"]
[BlackFideId "5091756"]
[EventDate "2021.10.27"]

1. d4 Nf6 2. Bg5 d5 3. Bxf6 gxf6 4. e3 c5 5. dxc5 Nc6 6. Nd2 e5 7. Nb3 Bxc5 8.
Nxc5 Qa5+ 9. c3 Qxc5 10. Nf3 Rg8 11. Qc2 Be6 12. Qxh7 O-O-O 13. Qc2 d4 14. exd4
exd4 15. O-O-O dxc3 16. Rxd8+ Rxd8 17. Qxc3 Qxf2 18. Bb5 Rd5 19. Rf1 Qb6 20. Bc4
Rc5 21. b3 Na5 22. Nd2 Qc6 23. Rxf6 b5 24. Rh6 Nxc4 25. bxc4 Qxg2 26. Rh8+ Kb7
27. Qd4 Rc7 28. c5 Qg5 29. h4 Rxc5+ 30. Kb2 Rd5 31. hxg5 Rxd4 32. Nb3 Rd5 33.
Rg8 Bf5 34. Kc3 Bg6 35. Kb4 Rxg5 36. Nc5+ Kc7 37. Ra8 Kd6 38. Rd8+ Kc6 39. Rc8+
Kb6 40. Rb8+ Kc6 41. Rc8+ Kd5 42. Kxb5 Kd4 43. Kb4 Rg2 44. a4 f5 45. Rc7 Rb2+
46. Nb3+ Kd3 47. Rd7+ Ke3 48. Re7+ Kf2 49. Kc3 Ra2 50. Rxa7 f4 51. Nd4 Be4 52.
Re7 Bg2 53. Ra7 Ra3+ 54. Kb4 Rd3 55. Kc4 Bf1 56. Rf7 Ke3 57. Re7+ Kd2 58. Kc5
Rc3+ 59. Kb6 Rc4 60. Nf3+ Kc3 61. Rc7 Bg2 62. Nh4 Be4 63. a5 Rxc7 64. Kxc7 Kd4
65. Kd6 1/2-1/2

[Event "FIDE Grand Swiss Women"]
[Site "Riga LAT"]
[Date "2021.11.03"]
[Round "7.16"]
[White "Bivol, Alina"]
[Black "Girya, Olga"]
[Result "1/2-1/2"]
[WhiteTitle "IM"]
[BlackTitle "GM"]
[WhiteElo "2392"]
[BlackElo "2410"]
[WhiteFideId "4100123"]
[BlackFideId "4195752"]
[EventDate "2021.10.27"]

1. e4 e5 2. Nf3 Nc6 3. Bb5 a6 4. Ba4 Nf6 5. O-O Nxe4 6. d4 b5 7. Bb3 d5 8. dxe5
Be6 9. Qe2 Nc5 10. Rd1 Nxb3 11. cxb3 Be7 12. Nc3 O-O 13. Be3 Qd7 14. Rd2 Rad8
15. Rad1 Qc8 16. Rc1 Qb7 17. Qd1 d4 18. Nxd4 Nxd4 19. Rxd4 c5 20. Rxd8 Rxd8 21.
Qf3 Qxf3 22. gxf3 c4 23. bxc4 Bxc4 24. a3 f6 25. f4 Kf7 26. Re1 h5 27. Ne4 h4
28. h3 Be6 29. Kh2 Rd3 30. Rc1 Bd5 31. Nc5 Bxc5 32. Rxc5 Ke6 33. exf6 gxf6 34.
Rc3 Rxc3 35. bxc3 Bf3 36. Bb6 Kd5 37. Bd8 Ke6 38. Kg1 Kf5 1/2-1/2

[Event "FIDE Grand Swiss Women"]
[Site "Riga LAT"]
[Date "2021.11.03"]
[Round "7.17"]
[White "Vantika, Agrawal"]
[Black "Lujan, Carolina"]
[Result "1-0"]
[WhiteTitle "WIM"]
[BlackTitle "IM"]
[WhiteElo "2322"]
[BlackElo "2340"]
[WhiteFideId "25050389"]
[BlackFideId "109878"]
[EventDate "2021.10.27"]

1. d4 Nf6 2. c4 g6 3. Nc3 d5 4. cxd5 Nxd5 5. Bd2 Nb6 6. e3 Bg7 7. h4 h5 8. Nf3
Bg4 9. Qb3 Be6 10. Qc2 Nc6 11. Ng5 Bf5 12. Qb3 O-O 13. d5 Ne5 14. e4 Bd7 15. a4
c6 16. a5 Nc8 17. Be2 b5 18. O-O Nd6 19. a6 Nec4 20. Bf4 c5 21. Qc2 Ne5 22. Nf3
Nxf3+ 23. Bxf3 Nc4 24. Be2 Nd6 25. Rfd1 Qb6 26. Be3 Qc7 27. Nb1 Rac8 28. Bf4 Qb6
29. Nd2 e5 30. dxe6 Bxe6 31. Nf3 Nc4 32. Bxc4 bxc4 33. Be5 Bg4 34. Bxg7 Kxg7 35.
Qc3+ Qf6 36. Qxf6+ Kxf6 37. Rdc1 Bxf3 38. gxf3 Rc6 39. Rxc4 Rb8 40. Ra5 Rxb2 41.
Rcxc5 Rxc5 42. Rxc5 Rb6 43. Ra5 Ke6 44. Kg2 Rb4 45. Kg3 Kf6 46. Kf4 Rb6 47. Ra3
Re6 48. Ke3 g5 49. hxg5+ Kxg5 50. Ra5+ Kh6 51. Kf4 Rg6 52. Ra1 Rf6+ 53. Kg3 Kg6
54. f4 Rb6 55. Ra5 f6 56. f3 Rc6 57. Ra3 Rb6 58. f5+ Kg5 59. f4+ Kh6 60. e5 Kg7
61. e6 Rb5 62. Rc3 Rxf5 63. Rc7+ Kf8 64. Rxa7 Ra5 65. f5 Ra4 66. Rf7+ 1-0

[Event "FIDE Grand Swiss Women"]
[Site "Riga LAT"]
[Date "2021.11.03"]
[Round "7.19"]
[White "Arakhamia-Grant, Ketevan"]
[Black "Buksa, Nataliya"]
[Result "0-1"]
[WhiteTitle "GM"]
[BlackTitle "IM"]
[WhiteElo "2376"]
[BlackElo "2409"]
[WhiteFideId "13600168"]
[BlackFideId "14123622"]
[EventDate "2021.10.27"]

1. e4 c5 2. Nc3 Nc6 3. g3 g6 4. Bg2 Bg7 5. d3 d6 6. Nf3 e5 7. O-O Nge7 8. Nh4
O-O 9. f4 exf4 10. gxf4 f5 11. Kh1 Nd4 12. Nf3 Nec6 13. Nd5 Nxf3 14. Qxf3 Rb8
15. c3 Be6 16. Qg3 fxe4 17. dxe4 Bxd5 18. exd5 Ne7 19. Bd2 Nf5 20. Qd3 Bh6 21.
Rae1 Rf6 22. Re4 Qb6 23. b4 Rbf8 24. Bh3 Qc7 25. Rfe1 Qb6 26. Qe2 Ng7 27. Rf1
Nh5 28. Be6+ Kh8 29. Qg4 Qa6 30. c4 Qa3 31. bxc5 Bxf4 32. Bxf4 Nxf4 33. cxd6 Nh3
34. Rxf6 Rxf6 35. Qe2 Nf2+ 36. Kg2 Nxe4 37. d7 Rf8 38. Qxe4 Qxa2+ 39. Kh3 Qa3+
40. Kg2 Qb2+ 41. Kh3 Kg7 42. Bg4 Qf6 43. c5 Qf1+ 44. Qg2 Qd3+ 45. Kh4 h6 46.
d8=Q g5+ 47. Qxg5+ hxg5+ 48. Kxg5 Qe3+ 49. Kh4 Qf2+ 50. Qg3 Rh8+ 51. Bh5+ Qxg3+
52. hxg3 Rc8 53. c6 bxc6 54. dxc6 Rxc6 0-1

[Event "FIDE Grand Swiss Women"]
[Site "Riga LAT"]
[Date "2021.11.03"]
[Round "7.20"]
[White "Arabidze, Meri"]
[Black "Hoang, Thanh Trang"]
[Result "1/2-1/2"]
[WhiteTitle "IM"]
[BlackTitle "GM"]
[WhiteElo "2441"]
[BlackElo "2380"]
[WhiteFideId "13604040"]
[BlackFideId "12400149"]
[EventDate "2021.10.27"]

1. Nf3 f5 2. g3 Nf6 3. Bg2 e6 4. O-O d5 5. c4 Bd6 6. d3 O-O 7. Nc3 dxc4 8. dxc4
Nc6 9. Nb5 e5 10. Nxd6 cxd6 11. b3 Qe7 12. Ba3 Rd8 13. Rc1 h6 14. Qd2 Be6 15.
Qb2 Qf7 16. Rfd1 e4 17. Nd4 d5 18. cxd5 Bxd5 19. Nxc6 Bxc6 20. Qe5 Rd5 21. Rxd5
Qxd5 22. Qa1 Qd2 23. Bb2 Rf8 24. Bf1 e3 25. f3 f4 26. Rd1 Qc2 27. Qc1 Qxc1 28.
Bxc1 g5 29. gxf4 gxf4 30. Bh3 Kf7 31. Rd4 Nd5 32. Kf1 Rg8 33. Re4 Re8 34. Rxe8
Bxe8 35. Bb2 Kg6 36. Bc8 Bc6 37. Be5 Kg5 38. Be6 h5 39. a3 h4 40. b4 a6 41. Ke1
Ne7 42. Bc7 Bd5 43. Bd7 Nc6 44. Bb6 Ne5 45. Bd8+ Kg6 46. Bc8 Nc4 47. a4 Nd6 48.
Bd7 Nf5 49. Be8+ Kh6 50. b5 axb5 51. Bxb5 Nd4 52. Bd3 Kh5 53. Bc7 Kg5 54. Bd8+
Kh5 55. Bc7 Kg5 56. Bd8+ 1/2-1/2

[Event "FIDE Grand Swiss Women"]
[Site "Riga LAT"]
[Date "2021.11.03"]
[Round "7.25"]
[White "Milliet, Sophie"]
[Black "February, Jesse Nikki"]
[Result "1-0"]
[WhiteTitle "IM"]
[BlackTitle "WIM"]
[WhiteElo "2410"]
[BlackElo "1857"]
[WhiteFideId "623725"]
[BlackFideId "14312336"]
[EventDate "2021.10.27"]

1. e4 e6 2. d4 d5 3. Nc3 dxe4 4. Nxe4 Nd7 5. Nf3 Ngf6 6. Nxf6+ Nxf6 7. Ne5 Be7
8. Bd3 O-O 9. O-O c5 10. dxc5 Qd5 11. Qe2 Qxc5 12. Bg5 Rd8 13. Rfe1 Bd7 14. Bxf6
Bxf6 15. Qh5 Bxe5 16. Rxe5 g6 17. Rxc5 gxh5 18. Rxh5 f5 19. Re1 Rf8 20. f4 Rae8
21. Rh3 Rf6 22. Rhe3 Kf7 23. c3 Rg8 24. Bc4 Rg4 25. g3 Rg8 26. Bd5 b6 27. Bf3
Ke7 28. Rd1 Be8 29. Red3 h5 30. Rd8 Rff8 31. Ra8 a5 32. Ra7+ Kf6 33. Rh7 Bg6 34.
Rb7 Rb8 35. Rdd7 Rgc8 36. Kf2 Be8 37. Rh7 Bg6 38. Rhc7 Rd8 39. Rxb8 Rxb8 40. Ke3
Bf7 41. a3 Be8 42. Rb7 Rxb7 43. Bxb7 e5 44. fxe5+ Kxe5 45. h4 Bf7 46. b4 axb4
47. cxb4 Be8 48. Bf3 Ke6 49. Kf4 Kf6 50. Bd1 Kg6 51. a4 Bc6 52. a5 bxa5 53. bxa5
Be4 54. a6 Kh6 55. a7 Kg6 56. Bf3 1-0

[Event "FIDE Grand Swiss Women"]
[Site "Riga LAT"]
[Date "2021.11.04"]
[Round "8.1"]
[White "Lei, Tingjie"]
[Black "Kashlinskaya, Alina"]
[Result "1-0"]
[WhiteTitle "GM"]
[BlackTitle "IM"]
[WhiteElo "2505"]
[BlackElo "2493"]
[WhiteFideId "8605114"]
[BlackFideId "4198026"]
[EventDate "2021.10.27"]

1. e4 e6 2. d4 d5 3. exd5 exd5 4. Nf3 Nf6 5. Bd3 c5 6. O-O c4 7. Re1+ Be7 8. Bf1
O-O 9. b3 cxb3 10. axb3 Nc6 11. Ne5 Nxe5 12. dxe5 Ne4 13. Ba3 Bxa3 14. Nxa3 Qb6
15. Re3 Be6 16. Nb5 f6 17. exf6 Rxf6 18. Qd4 Qxd4 19. Nxd4 Bf7 20. f3 Nd6 21.
Ra5 Rf4 22. Ne6 Re8 23. Nxf4 Rxe3 24. Rxa7 g5 25. Ne2 Kg7 26. Kf2 Re7 27. Nd4
Kf6 28. Bd3 Bg6 29. Bxg6 hxg6 30. Ra5 Ke5 31. Ke3 Nf5+ 32. Nxf5 gxf5 33. Kd3 Rh7
34. h3 Kd6 35. Kd4 Rh4+ 36. g4 f4 37. Rxd5+ Kc6 38. Rc5+ Kd6 39. Rxg5 Rxh3 40.
Ke4 Rh2 41. c4 Rb2 42. Rb5 1-0

[Event "FIDE Grand Swiss Women"]
[Site "Riga LAT"]
[Date "2021.11.04"]
[Round "8.2"]
[White "Paehtz, Elisabeth"]
[Black "Kosteniuk, Alexandra"]
[Result "1/2-1/2"]
[WhiteTitle "IM"]
[BlackTitle "GM"]
[WhiteElo "2475"]
[BlackElo "2518"]
[WhiteFideId "4641833"]
[BlackFideId "4128125"]
[EventDate "2021.10.27"]

1. e4 e5 2. Nf3 Nc6 3. Bb5 a6 4. Ba4 Nf6 5. Nc3 Bc5 6. Bxc6 dxc6 7. d3 Qd6 8.
Be3 Bxe3 9. fxe3 Bg4 10. h3 Be6 11. Qe2 c5 12. a4 Ng8 13. Nd2 Ne7 14. b3 Nc6 15.
Nc4 Qd8 16. Qh5 O-O 17. O-O f6 18. Rf2 b6 19. Qf3 Qd7 20. Qg3 Nb4 21. Raf1 Qe7
22. Qh4 Qd7 23. Qg3 Qe7 24. Qh4 Qd7 25. Qg3 1/2-1/2

[Event "FIDE Grand Swiss Women"]
[Site "Riga LAT"]
[Date "2021.11.04"]
[Round "8.3"]
[White "Zhu, Jiner"]
[Black "Muzychuk, Mariya"]
[Result "1/2-1/2"]
[WhiteTitle "WGM"]
[BlackTitle "GM"]
[WhiteElo "2455"]
[BlackElo "2536"]
[WhiteFideId "8608059"]
[BlackFideId "14114550"]
[EventDate "2021.10.27"]

1. e4 c5 2. Nf3 Nc6 3. d4 cxd4 4. Nxd4 Nf6 5. Nc3 e5 6. Ndb5 d6 7. Bg5 a6 8. Na3
b5 9. Nd5 Be7 10. Bxf6 Bxf6 11. c3 Rb8 12. Nc2 Bg5 13. a4 bxa4 14. Ncb4 Nxb4 15.
cxb4 O-O 16. Rxa4 a5 17. h4 Bh6 18. b5 Kh8 19. Be2 Bd7 20. Nc3 Rc8 21. Bc4 f5
22. exf5 Bxf5 23. g4 Rxc4 24. Rxc4 Be6 25. Rc6 Qf6 26. Rf1 Be3 27. Qe2 Bc5 28.
b6 Qf4 29. Qd2 Qf3 30. Rxd6 Bxd6 31. Qxd6 Bc8 32. Qd5 Bxg4 33. Qxf3 Bxf3 34. Kd2
Rb8 35. Ke3 Bc6 36. Ra1 Rxb6 37. Rxa5 Rxb2 38. Rc5 Bb7 39. Rxe5 h6 40. Rb5 1/2-1/2

[Event "FIDE Grand Swiss Women"]
[Site "Riga LAT"]
[Date "2021.11.04"]
[Round "8.4"]
[White "Javakhishvili, Lela"]
[Black "Dzagnidze, Nana"]
[Result "1/2-1/2"]
[WhiteTitle "IM"]
[BlackTitle "GM"]
[WhiteElo "2446"]
[BlackElo "2524"]
[WhiteFideId "13601458"]
[BlackFideId "13601903"]
[EventDate "2021.10.27"]

1. d4 Nf6 2. c4 e6 3. Nf3 d5 4. Nc3 dxc4 5. e4 Bb4 6. Bxc4 Nxe4 7. O-O Nxc3 8.
bxc3 Be7 9. Bf4 Nd7 10. Qc2 O-O 11. Bd3 Nf6 12. Ne5 b6 13. Rae1 Bb7 14. Re3 Qd5
15. Rg3 Nh5 16. Re1 Nxg3 17. fxg3 Qd8 18. Bxh7+ Kh8 19. Bd3 Bg5 20. Rf1 Kg8 21.
Bh7+ Kh8 22. Bg6 fxg6 23. Nxg6+ Kg8 24. Nxf8 Qxf8 25. Bxg5 Qd6 26. Bf4 Qd5 27.
Bxc7 Rc8 28. Be5 Rxc3 29. Qf2 Kh7 30. Qe2 Kg8 31. h3 Qe4 32. Qxe4 Bxe4 33. Rf4
Bb1 34. Rg4 g6 35. Rh4 Bxa2 36. Rh8+ Kf7 37. Rh7+ Ke8 38. Rxa7 Bd5 39. Rc7 Rxc7
40. Bxc7 b5 41. Ba5 Kd7 42. Kf2 Be4 43. Ke3 Bxg2 44. h4 Ke7 1/2-1/2

[Event "FIDE Grand Swiss Women"]
[Site "Riga LAT"]
[Date "2021.11.04"]
[Round "8.5"]
[White "Harika, Dronavalli"]
[Black "Badelka, Olga"]
[Result "1/2-1/2"]
[WhiteTitle "GM"]
[BlackTitle "IM"]
[WhiteElo "2511"]
[BlackElo "2438"]
[WhiteFideId "5015197"]
[BlackFideId "13509926"]
[EventDate "2021.10.27"]

1. e4 e5 2. Nf3 Nc6 3. Bb5 Nf6 4. d3 d6 5. O-O a6 6. Ba4 b5 7. Bb3 Na5 8. Re1
Be7 9. a4 Nxb3 10. cxb3 Bb7 11. Nc3 Qd7 12. axb5 axb5 13. Rxa8+ Bxa8 14. b4 O-O
15. d4 exd4 16. Nxd4 d5 17. e5 Ne4 18. f3 Nxc3 19. bxc3 c5 20. bxc5 Bxc5 21. Be3
b4 22. cxb4 Bxb4 23. Bd2 Bc5 24. Bc3 Re8 25. Kh1 Bb7 26. Qd2 Bc8 27. Nb3 Bf8 28.
Bb4 Qb5 29. Bxf8 Qxb3 30. Bxg7 Kxg7 1/2-1/2

[Event "FIDE Grand Swiss Women"]
[Site "Riga LAT"]
[Date "2021.11.04"]
[Round "8.6"]
[White "Assaubayeva, Bibisara"]
[Black "Batsiashvili, Nino"]
[Result "1/2-1/2"]
[WhiteTitle "IM"]
[BlackTitle "GM"]
[WhiteElo "2400"]
[BlackElo "2484"]
[WhiteFideId "13708694"]
[BlackFideId "13602993"]
[EventDate "2021.10.27"]

1. d4 Nf6 2. c4 e6 3. Nf3 b6 4. a3 Ba6 5. Qc2 c5 6. e4 cxd4 7. Nxd4 Bc5 8. Nb3
Nc6 9. Be2 O-O 10. O-O Rc8 11. Rd1 e5 12. Be3 Bxe3 13. fxe3 Na5 14. Nxa5 bxa5
15. Rd6 Bb7 16. Nc3 Ne8 17. Rd2 Qg5 18. Rxd7 Bc6 19. Rd2 Qxe3+ 20. Kh1 Nf6 21.
Bf3 Qc5 22. Be2 Rfd8 23. Rad1 Rd4 24. Rxd4 exd4 25. Nd5 Bxd5 26. exd5 Re8 27.
Bf3 h5 28. h3 Re3 29. Qd2 h4 30. d6 Qxc4 31. Qxd4 Re1+ 32. Kh2 Qf1 33. Rxe1 Qxe1
34. Qxa7 Qe5+ 35. Kh1 Qxb2 36. d7 Qc1+ 37. Kh2 Qf4+ 38. Kh1 Qc1+ 1/2-1/2

[Event "FIDE Grand Swiss Women"]
[Site "Riga LAT"]
[Date "2021.11.04"]
[Round "8.9"]
[White "Stefanova, Antoaneta"]
[Black "Munguntuul, Batkhuyag"]
[Result "1/2-1/2"]
[WhiteTitle "GM"]
[BlackTitle "IM"]
[WhiteElo "2475"]
[BlackElo "2433"]
[WhiteFideId "2902257"]
[BlackFideId "4900758"]
[EventDate "2021.10.27"]

1. e4 c5 2. Nf3 e6 3. g3 Nc6 4. Bg2 Nf6 5. Qe2 e5 6. O-O Be7 7. c3 O-O 8. Na3
Re8 9. d3 h6 10. Nc4 Bf8 11. Nfd2 d5 12. exd5 Nxd5 13. Re1 Be6 14. Nf3 Bd6 15.
Nxd6 Qxd6 16. Nd2 Rad8 17. Nc4 Qd7 18. Be4 b5 19. Nd2 b4 20. Nb3 bxc3 21. Nxc5
Nd4 22. Nxd7 Nxe2+ 23. Rxe2 Rxd7 24. Rc2 cxb2 25. Bxb2 Nb4 26. Rc5 Nxd3 27. Bxd3
Rxd3 28. Rxe5 Rc8 29. Re2 Bg4 30. Re4 Bf3 31. Rd4 Rd8 32. Rxd8+ Rxd8 1/2-1/2

[Event "FIDE Grand Swiss Women"]
[Site "Riga LAT"]
[Date "2021.11.04"]
[Round "8.10"]
[White "Cramling, Pia"]
[Black "Vantika, Agrawal"]
[Result "1/2-1/2"]
[WhiteTitle "GM"]
[BlackTitle "WIM"]
[WhiteElo "2447"]
[BlackElo "2322"]
[WhiteFideId "1700030"]
[BlackFideId "25050389"]
[EventDate "2021.10.27"]

1. d4 Nf6 2. c4 e6 3. Nf3 d5 4. Bg5 Be7 5. Nc3 h6 6. Bh4 dxc4 7. e3 c5 8. Bxc4
cxd4 9. exd4 Nc6 10. O-O O-O 11. a3 Nh5 12. Bxe7 Nxe7 13. Re1 Nf6 14. Qd3 a6 15.
Ne5 b5 16. Ba2 Bb7 17. Rac1 Ned5 18. Nxd5 Bxd5 19. Bxd5 Qxd5 20. Rc5 Qd6 21.
Rec1 Nd7 22. Nxd7 Qxd7 23. Rc7 Rac8 24. Rxc8 Rxc8 25. Rxc8+ Qxc8 26. Qd2 f5 27.
h4 Kf7 28. g3 Qc6 29. Qe3 Qc2 30. b4 Qc6 1/2-1/2

[Event "FIDE Grand Swiss Women"]
[Site "Riga LAT"]
[Date "2021.11.04"]
[Round "8.11"]
[White "Girya, Olga"]
[Black "Abdumalik, Zhansaya"]
[Result "1-0"]
[WhiteTitle "GM"]
[BlackTitle "GM"]
[WhiteElo "2410"]
[BlackElo "2507"]
[WhiteFideId "4195752"]
[BlackFideId "13703544"]
[EventDate "2021.10.27"]

1. d4 Nf6 2. Nf3 g6 3. c4 Bg7 4. Nc3 d5 5. cxd5 Nxd5 6. e4 Nxc3 7. bxc3 c5 8.
Bb5+ Nc6 9. O-O O-O 10. Be3 Bg4 11. Bxc6 bxc6 12. Rc1 Qa5 13. Qc2 Be6 14. a4
Rab8 15. Rb1 c4 16. Rfc1 h6 17. Ne5 Bxe5 18. dxe5 Rb3 19. Bxh6 Rfb8 20. Be3 Qxe5
21. Bxa7 Ra8 22. Bd4 Qh5 23. Ra1 f6 24. Qd1 Qh4 25. Qf3 Ra5 26. Qe3 Rb7 27. Re1
Rd7 28. e5 f5 29. f3 Kf7 30. Bb6 Ra8 31. Qf2 Qh6 32. a5 Rh8 33. h3 f4 34. a6 Qg5
35. a7 Ra8 36. Rad1 Bxh3 37. Rxd7 Bxd7 38. e6+ Bxe6 39. Bc7 Bd5 40. Bb8 Qf6 41.
Qd4 Qh4 42. Qe5 Ke8 43. Re2 Kf7 44. Ra2 g5 45. Re2 e6 46. Qc7+ Kg6 47. Qe7 Qh8
48. Be5 Qh6 49. Qf6+ Kh5 50. Qxh6+ Kxh6 51. Bb8 Kh5 52. Kf2 Kg6 53. Ra2 Kf5 54.
Bd6 c5 55. Bb8 g4 56. Ra5 gxf3 57. gxf3 Kf6 58. Rxc5 Kf7 59. Rc8 Kg7 60. Rd8 Kf7
61. Rh8 Kf6 62. Rf8+ Ke7 63. Rxf4 Kd7 64. Ke3 Kc6 65. Kd4 Kb5 66. Rf6 Kc6 67. f4
Kd7 68. Ke5 Ke7 69. Rh6 1-0

[Event "FIDE Grand Swiss Women"]
[Site "Riga LAT"]
[Date "2021.11.04"]
[Round "8.12"]
[White "Saduakassova, Dinara"]
[Black "Rogule, Laura"]
[Result "1-0"]
[WhiteTitle "IM"]
[BlackTitle "WGM"]
[WhiteElo "2491"]
[BlackElo "2289"]
[WhiteFideId "13700090"]
[BlackFideId "11601876"]
[EventDate "2021.10.27"]

1. e4 c5 2. Nf3 a6 3. c4 Nc6 4. d4 cxd4 5. Nxd4 Nf6 6. Nc3 e6 7. a3 Qc7 8. Be3
Be7 9. Be2 O-O 10. O-O d6 11. Rc1 Ne5 12. f3 b6 13. Qd2 Bb7 14. Rfd1 Rfd8 15.
Bf1 Rac8 16. Na4 Ned7 17. b4 Qb8 18. Qf2 Ba8 19. Nb3 Rc6 20. Rc2 Bf8 21. Rcd2
Re8 22. b5 axb5 23. cxb5 Rcc8 24. Nxb6 Nxb6 25. Bxb6 d5 26. Ba7 Qb7 27. e5 Nd7
28. Bd4 Qb8 29. Qe3 Bxa3 30. Ra2 Bf8 31. Rda1 Bb7 32. Ra7 f6 33. Rxb7 Qxb7 34.
Ra7 Qb8 35. Rxd7 Rc7 36. Rxc7 Qxc7 37. b6 Qf7 38. Na5 fxe5 39. Qxe5 Qd7 40. b7
Bd6 41. Qe1 e5 42. Bb6 e4 43. fxe4 Rxe4 44. Qc3 Re8 45. Qc6 Qe6 46. Bc5 Bxc5+
47. Qxc5 Qd7 48. Qb5 Qd8 49. Nc6 1-0